Online Catalogue and eLibrary

Ahuthi (Record no. 4126)

MARC details
000 -LEADER
fixed length control field 00357nam a2200145Ia 4500
005 - DATE AND TIME OF LATEST TRANSACTION
control field 20250405122343.0
008 - FIXED-LENGTH DATA ELEMENTS--GENERAL INFORMATION
fixed length control field 240331s9999 xx 000 0 und d
082 ## - DDC Classification
Item Number - Author Mark SOM
Class No. 894
100 ## - MAIN ENTRY--PERSONAL NAME
Personal name Somakandhan, N
245 #0 - TITLE STATEMENT
Title Ahuthi
260 ## - PUBLICATION, DISTRIBUTION, ETC.
Place of publication, distribution, etc. Jaffna
Name of publisher, distributor, etc. Mallikai Panthal
Date of publication, distribution, etc. 1986
300 ## - PHYSICAL DESCRIPTION
Extent (e.g. Volumes, Pages etc.) Xviil, 124 p .,
500 ## - GENERAL NOTE
General note A Collection of Short Stories
942 ## - Koha item type (Biblio)
Koha item type Books in Stacks (Lending)
Holdings
Lost status Damaged status Collection code Home library Current library Shelving location Date acquired Full call number Accession Number Item type
    Lending WERC Library WERC Library Social Science Cupboard 03/31/2024 894.811 SOM 2386 Books in Stacks (Lending)

© WERC Library